000 00375 a2200157 4500
001 168256
020 _a
040 _cMagnum
100 _aCarnaval, Paulo Eduardo
240 1 0 _aMedidas e avaliacao em ciencias do esporte
_lpor
245 1 0 _aMedidas e avaliacao em ciencias do esporte
362 0 _a1899
440 1 _aSprint
697 _aEDUCACAO FISICA
942 _cBK
999 _c168256
_d168256